01014nas a2200229Ia 4500001001100000003000900011008004100020040001300061040001300074041001300087100004900100210001100149222001100160245014100171250001100312260002800323501008600351300001000437362003800447500026000485650003900745R702/B1145IT-RoPAU151124c99999999xx |||||||||||| ||und|| aIT-RoPAU cIT-RoPAU aFRANCESE aFontanille JacquesgCodice Aut. SPICS: 11748 aDEGRES aDegres aDEGRES, N.069/070 (PRIMAVERA/ESTATE 1992)bDe la Coupe Aux Levres-Configuration Et Refiguration Dans "Achille Soignant Patrocle Blesse'" a1a ed. aBRUXELLESbDEGRESc1992 bPaulus - SPICS - Società San Paolo EM (non-commercial uses only)cCopyright2015 a21 p. aN.069/070 (PRIMAVERA/ESTATE 1992) aAnalisi e Riflessioni Sulla Celebre Immagine Greca di Achille che Cura Patroclo Ferito. Architettonica del Corpo, Sistemi Semi Simbolici. Percorso Cognitivo: Lettura Iconica e Plastica, Lettura Interpretativa. Trasformazionitopologiche e Cognitive. Dialet aSEMIOTICAvPUBBLICAZIONE PERIODICA